000 00349nam a22001217a 4500
040 _cSY
082 _a639
100 _aNA
245 _aProgram appraisal document on a proposed credit in the amount of sdr 18.5 million to the kingdom of cambodia for a second health sector support program
260 _aNA
_bNA
_c2008
300 _a125p.
942 _cEK
999 _c9922
_d9922